00561nam a2200157Ia 4500008004100000040001600041041001200057082001600069100002000085245008400105260003900189300001600228942000700244952013300251999001900384230917s9999||||xx |||||||||||||| ||und|| e52693aMAIN aEnglish a341.2 C571S aClauder, Inis L 0aSwords into plowshares: The problems and progress of international organization aLondonbUniversity of Londonc1964 axiv, 458 p. cBK 0010406341_200000000000000_C571S709312361aMAINbMAINd2002-12-16l0o341.2 C571Sp3884r2023-09-17 21:54:19w2023-09-17yBK c183731d183731